Гидрирование диоксида углерода на макромолекулярных родиевых и рутениевых комплексах; Нефтехимия; Т. 44, № 1

গ্রন্থ-পঞ্জীর বিবরন
Parent link:Нефтехимия: научный журнал/ Российская академия наук (РАН).— , 1963-.— 0028-2421
Т. 44, № 1.— 2004.— С. 16-26
অন্যান্য লেখক: Егазарьянц С. В., Караханов Э. А., Кардашев С. В., Максимов А. Л., Миносьянц С. С.
ভাষা:রুশ
প্রকাশিত: 2004
বিষয়গুলি:
বিন্যাস: গ্রন্থের অধ্যায়
KOHA link:https://koha.lib.tpu.ru/cgi-bin/koha/opac-detail.pl?biblionumber=391137

MARC

LEADER 00000naa2a2200000 4500
001 391137
005 20231101064043.0
035 |a (RuTPU)RU\TPU\prd\24936 
090 |a 391137 
100 |a 20040407a2004 k y0rusy50 ca 
101 0 |a rus 
102 |a RU 
200 1 |a Гидрирование диоксида углерода на макромолекулярных родиевых и рутениевых комплексах  |f С. В. Егазарьянц, Э. А. Караханов, С. В. Кардашев и др. 
320 |a Библиогр.: 6 назв. 
461 1 |0 (RuTPU)RU\TPU\prd\1600  |x 0028-2421  |t Нефтехимия  |o научный журнал  |f Российская академия наук (РАН)  |d 1963- 
463 1 |0 (RuTPU)RU\TPU\prd\24187  |t Т. 44, № 1  |v С. 16-26  |d 2004 
610 1 |a гидрирование 
610 1 |a диоксид углерода 
610 1 |a рутениевые катализаторы 
610 1 |a гибридные носители 
610 1 |a родиевые катализаторы 
610 1 |a активность 
610 1 |a исследование 
701 1 |a Егазарьянц  |b С. В. 
701 1 |a Караханов  |b Э. А. 
701 1 |a Кардашев  |b С. В. 
701 1 |a Максимов  |b А. Л. 
701 1 |a Миносьянц  |b С. С. 
801 1 |a RU  |b 63413507  |c 20040407  |g PSBO 
801 2 |a RU  |b 63413507  |c 20150604  |g PSBO 
942 |c BK